| 000 | 00552nam a2200229Ia 4500 | ||
|---|---|---|---|
| 003 | OSt | ||
| 005 | 20260107152413.0 | ||
| 008 | 210210b2015 xxu||||| |||| 00| 0 eng d | ||
| 020 | _a9788131758984 | ||
| 040 | _cAL | ||
| 041 | _aeng | ||
| 082 | _a005.74 ELMF | ||
| 100 |
_aRamez Elmasri _959688 |
||
| 245 | _aFundamentals of database systems | ||
| 250 | _a5 | ||
| 260 |
_aChennai _bPearson _c2015 |
||
| 300 | _axxxii,1198 | ||
| 690 |
_aComputer Science _959689 |
||
| 700 |
_959690 _dShamkant B ,Navathe |
||
| 906 | _a071683 | ||
| 942 |
_2ddc _cBK |
||
| 999 |
_c121417 _d121417 |
||